000
00283nam a22001217a 4500
008
171115b xxu||||| |||| 00| 0 eng d
041
_a
alb
080
_a
7
100
_a
5
101
_a
FAR
245
_a
HISTORIA E ILUSTRUAR E MJEKËSISË DHE FARMACISË
_c
AGANI,A
942
_2
udc
_c
BK
999
_c
38272
_d
38272